[Event "Mittelrhein Regionalliga 18/19"]
[Site "Nordrheinwestfalen"]
[Date "2019.04.07"]
[Round "9.4"]
[White "Suppert, Timur"]
[Black "Deleyn, Gunter"]
[Result "1-0"]
[WhiteElo "2057"]
[BlackElo "2217"]
[PlyCount "57"]
[EventDate "2018.10.28"]
[EventType "team-tourn"]
[EventRounds "11"]
[EventCountry "GER"]
[SourceTitle "EXT 2022"]
[Source "ChessBase"]
[SourceDate "2021.10.06"]
[SourceVersion "1"]
[SourceVersionDate "2021.10.06"]
[SourceQuality "1"]
[WhiteTeam "Bonn Stadtverwaltung"]
[BlackTeam "Alsdorf SVG"]
[WhiteTeamCountry "GER"]
[BlackTeamCountry "GER"]

1. d4 Nf6 2. Bg5 e6 3. e4 h6 4. Bxf6 Qxf6 5. c3 d6 6. Bd3 g6 7. Ne2 Bg7 8. 0-0 e5 9. f4 Qe7 10. Nd2 Bg4 11. dxe5 dxe5 12. f5 Nc6 13. h3 0-0-0 14. Bc4 Bxh3 15. f6 Bxf6 16. gxh3 Bg5 17. Bd5 f5 18. c4 Be3+ 19. Kh2 Nb4 20. a3 Nxd5 21. cxd5 Qh4 22. Rc1 Bxd2 23. Qxd2 Qxe4 24. Nc3 Qc4 25. Qe3 Qd4 26. Qxd4 exd4 27. Nb5 Rxd5 28. Nxc7 Rd7 29. Na6+ 1-0

[Event "Mittelrhein Regionalliga 1718"]
[Site "Nordrheinwestfalen"]
[Date "2018.01.14"]
[Round "5.4"]
[White "Suppert, Timur"]
[Black "Lamprecht, Mark"]
[Result "0-1"]
[WhiteElo "2078"]
[BlackElo "2208"]
[PlyCount "172"]
[EventDate "2017.09.10"]
[EventType "team-tourn"]
[EventRounds "9"]
[EventCountry "GER"]
[SourceTitle "EXT 2022"]
[Source "ChessBase"]
[SourceDate "2021.10.06"]
[SourceVersion "1"]
[SourceVersionDate "2021.10.06"]
[SourceQuality "1"]
[WhiteTeam "Bonn Stadtverwaltung"]
[BlackTeam "Bonn Beuel"]
[WhiteTeamCountry "GER"]
[BlackTeamCountry "GER"]

1. d4 f5 2. Nf3 Nf6 3. Bf4 d5 4. g3 e6 5. Bg2 Be7 6. Nbd2 0-0 7. 0-0 c6 8. c4 Ne4 9. Nxe4 fxe4 10. Ne5 Nd7 11. f3 exf3 12. Bxf3 Bf6 13. Ng4 Qb6 14. Nxf6+ Nxf6 15. b3 Bd7 16. Kg2 c5 17. Be5 Rad8 18. Rc1 dxc4 19. dxc5 Qa6 20. Bd6 Bc6 21. Rxc4 Qxa2 22. Bxc6 bxc6 23. Qd3 Qa6 24. Qe3 Rf7 25. Qf3 Rdd7 26. Rf4 Qb7 27. e4 Ne8 28. e5 Rxf4 29. Qxf4 Rf7 30. Qxf7+ Qxf7 31. Rxf7 Kxf7 32. Kf3 g6 33. g4 Ng7 34. Ke4 Ke8 35. Kd4 Kd7 36. Kc4 Kc8 37. Kd4 Kd7 38. Ke4 Ke8 39. Kf4 Kf7 40. Kg5 Ne8 41. Kh6 Kg8 42. h4 Ng7 43. Be7 Ne8 44. Bd8 Ng7 45. Bc7 Ne8 46. Bb8 a6 47. Bd6 Ng7 48. Bc7 Ne8 49. Bb8 Ng7 50. Bd6 Ne8 51. h5 gxh5 52. Kxh5 Kg7 53. g5 Kg8 54. Kh6 Ng7 55. g6 Nf5+ 56. Kg5 h6+ 57. Kf6 Nd4 58. b4 h5 59. Kg5 Nc2 60. Kxh5 Nxb4 61. Bc7 Nd3 62. Kg5 Kg7 63. Bd8 Nxc5 64. Bf6+ Kg8 65. Be7 Nd7 66. Ba3 Kg7 67. Bb4 c5 68. Ba5 Nf8 69. Kf4 Kxg6 70. Ke4 Nd7 71. Bd8 Kf7 72. Bc7 Kg6 73. Bd8 Kh5 74. Kf4 Nb8 75. Bc7 Nc6 76. Ke3 c4 77. Kd2 Nb4 78. Bd6 Nd5 79. Kc2 Kg4 80. Kd2 Kf3 81. Bb8 Ke4 82. Kc2 Kd4 83. Kd2 a5 84. Bd6 Nb4 85. Bc7 c3+ 86. Kd1 Nd3 0-1

[Event "Mittelrhein Regionalliga 1718"]
[Site "Nordrheinwestfalen"]
[Date "2017.09.10"]
[Round "1.3"]
[White "Suppert, Timur"]
[Black "Tochtenhagen, Wolfgang"]
[Result "1/2-1/2"]
[WhiteElo "2061"]
[BlackElo "2068"]
[PlyCount "104"]
[EventDate "2017.09.10"]
[EventType "team-tourn"]
[EventRounds "9"]
[EventCountry "GER"]
[SourceTitle "EXT 2022"]
[Source "ChessBase"]
[SourceDate "2021.10.06"]
[SourceVersion "1"]
[SourceVersionDate "2021.10.06"]
[SourceQuality "1"]
[WhiteTeam "Bonn Stadtverwaltung"]
[BlackTeam "Aachen DJK Aufwärts III"]
[WhiteTeamCountry "GER"]
[BlackTeamCountry "GER"]

1. e4 c5 2. b4 cxb4 3. d4 g6 4. Bb2 Bg7 5. Bc4 e6 6. e5 d6 7. exd6 Qxd6 8. Nf3 Nc6 9. 0-0 Nge7 10. a3 0-0 11. axb4 Qxb4 12. Bb3 Qd6 13. c3 Rd8 14. Nbd2 b5 15. Ne4 Qf4 16. Qe2 b4 17. cxb4 Nxd4 18. Nxd4 Bxd4 19. Rad1 Bb7 20. Bxd4 Qxe4 21. Qxe4 Bxe4 22. Bc5 Nf5 23. Rxd8+ Rxd8 24. Bxa7 Nd4 25. Rd1 Ne2+ 26. Kf1 Rxd1+ 27. Bxd1 Nc3 28. Bb3 Kf8 29. Bc4 Bc6 30. f3 Ke8 31. Kf2 Kd7 32. Ke3 Nd5+ 33. Bxd5 Bxd5 34. Kd4 Kc6 35. Ke5 Bc4 36. Kf6 Bf1 37. g3 Be2 38. f4 Bg4 39. Kxf7 Bf5 40. Kf6 h5 41. Kg5 Kb5 42. Bc5 Kc4 43. Kh4 Kb5 44. h3 Kc4 45. g4 hxg4 46. hxg4 Be4 47. Kg3 Bc2 48. Kf3 Bd1+ 49. Kg3 Kb5 50. Bf8 Be2 51. f5 exf5 52. g5 Bh5 1/2-1/2